00759nam a22002057a 4500999001900000005001700019010001500036020002600051035001400077037001300091082001500104245008700119260005200206270007800258300002600336700001800362700001900380942002900399952012500428 c190437d19043720220726112204.0 aENG-133935 a9788132105619c650.00 aEN-117467 bDBAD/PUB a371.359095 aDistance Education Technologies in Asia/cEdited by Jon Baggaley and Tian Belawati aNew DelhibSage Publication India Pvt Ltdc2010 aB1/1-1, Mohan Cooperative Industrial Area Mathura RoadbNew Delhie110044 axvii, 270p.c24cm(hb) aBaggaley, Jon aBelawati, Tian 2ddccENh371.359095mDIS 001040708NFICaAVbAVd2022-07-26eDBAD/PUBg650.00l0o371.359095 DISpEN-117467r2022-07-26 00:00:00t1v650.00yEN